[Event "IND-ch Women 2019"]
[Site "Karaikkudi"]
[Date "2019.07.25"]
[Round "9.16"]
[White "Bala Kannamma P"]
[Black "Pandey Srishti"]
[Result "1-0"]
[WhiteElo "2051"]
[BlackElo "1882"]
[Annotator "NA"]
[PlyCount "189"]
[EventDate "2019.07.19"]
[EventType "swiss"]
[EventCountry "IND"]
[SourceTitle "playchess.com"]
[Source "ChessBase"]
[SourceQuality "1"]
[TimeControl "40/5400+30:1800+30"]

1. e4 {[%emt 0:00:00]} c6 {[%emt 0:00:00]} 2. d3 {[%emt 0:00:07]} d5 {[%emt 0:00:00]} 3. Nd2 {[%emt 0:00:05]} Nd7 {[%emt 0:03:43]} 4. g3 {[%emt 0:04:19]} e6 {[%emt 0:00:33]} 5. Bg2 {[%emt 0:00:27]} Ngf6 {[%emt 0:00:22]} 6. Ngf3 {[%emt 0:00:57]} dxe4 {[%emt 0:00:58]} 7. dxe4 {[%emt 0:05:38]} Bc5 {[%emt 0:00:14]} 8. O-O {[%emt 0:00:33]} O-O {[%emt 0:00:06]} 9. Qe2 $11 {[%emt 0:09:04]} ({White should play} 9. e5 $16 Ng4 10. Qe2) 9... b6 {[%emt 0:17:27]} 10. b3 {[%emt 0:03:40]} a5 {[%emt 0:01:28]} 11. Bb2 {[%emt 0:02:59]} Ba6 {[%emt 0:00:17]} 12. c4 {[%emt 0:00:24]} a4 {[%emt 0:05:35]} 13. bxa4 {[%emt 0:08:35]} Be7 {[%emt 0:05:33]} 14. Rfd1 {[%emt 0:09:06]} Qc7 {[%emt 0:00:16]} 15. e5 {[%emt 0:02:39]} Ng4 {[%emt 0:05:09]} 16. h3 {[%emt 0:04:52]} Nh6 {[%emt 0:00:17]} 17. Ne4 {[%emt 0:02:25]} Nf5 {[%emt 0:07:40]} 18. Nd6 {[%emt 0:14:46]} Nxd6 {[%emt 0:14:30]} 19. exd6 {[%emt 0:00:49]} Bxd6 {[%emt 0:00:01]} 20. Qd2 {[%emt 0:03:56]} Be5 {[%emt 0:02:46]} 21. Nxe5 {[%emt 0:00:20]} Nxe5 {[%emt 0:00:06]} 22. Qf4 {[%emt 0:00:05]} f6 {[%emt 0:00:45]} 23. Bxe5 {[%emt 0:00:02]} fxe5 {[%emt 0:01:04]} 24. Qg4 {[%emt 0:07:08]} Qf7 {[%emt 0:00:10]} 25. Rd2 {[%emt 0:00:41]} Bb7 {[%emt 0:03:06]} 26. Rad1 {[%emt 0:02:26]} Rae8 {[%emt 0:11:15]} 27. Qe2 {[%emt 0:01:24]} Re7 {[%emt 0:13:34]} 28. c5 {[%emt 0:02:55]} bxc5 {[%emt 0:01:48]} 29. Qxe5 {[%emt 0:00:02]} c4 {[%emt 0:00:06]} 30. Rc1 {[%emt 0:03:14]} c5 {[%emt 0:00:56]} 31. Bxb7 {[%emt 0:01:28]} Rxb7 {[%emt 0:00:01]} 32. Qe4 {[%emt 0:04:12]} c3 {[%emt 0:05:17]} 33. Rxc3 {[%emt 0:01:17]} Rd7 {[%emt 0:00:05]} 34. Qe1 {[%emt 0:01:48]} Rd4 {[%emt 0:01:07]} 35. Rxc5 {[%emt 0:00:52]} Rxa4 {[%emt 0:00:11]} 36. Re5 {[%emt 0:00:24]} Ra6 {[%emt 0:00:49]} 37. Qe2 {[%emt 0:01:45]} Rc6 {[%emt 0:00:13]} 38. Rc2 {[%emt 0:02:07]} Rb6 {[%emt 0:00:01]} 39. Rb2 {[%emt 0:00:44]} Rc6 {[%emt 0:00:05]} 40. Rc2 {[%emt 0:00:00]} Rb6 {[%emt 0:00:00]} 41. Rb5 {[%emt 0:04:26]} Rd6 {[%emt 0:04:26]} 42. Rb1 {[%emt 0:02:18]} Qf5 {[%emt 0:00:35]} 43. h4 {[%emt 0:04:10]} h6 {[%emt 0:03:30]} 44. Re1 {[%emt 0:03:17]} Ra8 {[%emt 0:08:28]} 45. Qe4 {[%emt 0:04:38]} Qxe4 {[%emt 0:01:32]} 46. Rxe4 {[%emt 0:00:02]} Rda6 {[%emt 0:00:12]} 47. Ree2 {[%emt 0:00:33]} R8a7 {[%emt 0:00:19]} 48. Kf1 {[%emt 0:00:13]} Kf7 {[%emt 0:00:08]} 49. Red2 {[%emt 0:00:19]} Kf6 {[%emt 0:00:36]} 50. Ke2 {[%emt 0:00:45]} g5 {[%emt 0:02:12]} 51. hxg5+ {[%emt 0:00:37]} hxg5 {[%emt 0:00:02]} 52. Kd1 {[%emt 0:00:46]} Ra4 {[%emt 0:01:23]} 53. Kc1 {[%emt 0:00:51]} e5 {[%emt 0:02:53]} 54. Kb1 {[%emt 0:01:44]} Kf5 {[%emt 0:01:31]} 55. Rc3 {[%emt 0:02:51]} Ra8 {[%emt 0:02:09]} 56. Rb2 {[%emt 0:00:26]} R8a5 {[%emt 0:00:34]} 57. Rf3+ {[%emt 0:02:08]} Kg4 {[%emt 0:00:12]} 58. Re3 {[%emt 0:00:07]} Kf5 {[%emt 0:00:07]} 59. Reb3 {[%emt 0:02:50]} Ra8 {[%emt 0:01:56]} 60. Rb4 {[%emt 0:01:39]} R4a5 {[%emt 0:00:23]} 61. g4+ {[%emt 0:00:16]} Ke6 {[%emt 0:00:34]} 62. Rd2 {[%emt 0:02:05]} R8a6 {[%emt 0:00:16]} 63. f3 {[%emt 0:01:40]} Ra3 {[%emt 0:00:22]} 64. Rb3 {[%emt 0:00:43]} R3a4 {[%emt 0:00:02]} 65. Rb5 {[%emt 0:01:15]} Kf6 {[%emt 0:00:24]} 66. Re2 {[%emt 0:00:48]} Re6 {[%emt 0:00:08]} 67. Re4 {[%emt 0:00:13]} Ra3 {[%emt 0:00:38]} 68. Rb3 {[%emt 0:00:10]} Rea6 {[%emt 0:00:24]} 69. Re2 {[%emt 0:01:18]} R3a5 {[%emt 0:00:11]} 70. Reb2 {[%emt 0:00:12]} Ke6 {[%emt 0:01:05]} 71. Rb6+ {[%emt 0:00:55]} Kd5 {[%emt 0:00:16]} 72. Rd2+ {[%emt 0:00:28]} Kc5 {[%emt 0:00:25]} 73. Rbb2 {[%emt 0:00:30]} Rf6 {[%emt 0:00:25]} 74. Rbc2+ {[%emt 0:00:14]} Kb6 {[%emt 0:00:19]} 75. Rc3 {[%emt 0:00:23]} Rb5+ {[%emt 0:00:13]} 76. Rb2 {[%emt 0:00:35]} Re6 {[%emt 0:01:04]} 77. a4 {[%emt 0:01:04]} Rxb2+ {[%emt 0:00:14]} 78. Kxb2 {[%emt 0:00:03]} Rd6 {[%emt 0:00:53]} 79. Kb3 {[%emt 0:00:41]} Rd4 {[%emt 0:00:30]} 80. Re3 {[%emt 0:00:32]} Rd5 {[%emt 0:01:35]} 81. Kc3 {[%emt 0:00:29]} Kc6 {[%emt 0:00:23]} 82. Kc2 {[%emt 0:00:53]} Ra5 {[%emt 0:00:22]} 83. Ra3 {[%emt 0:01:06]} Kd5 {[%emt 0:01:27]} 84. Kd3 {[%emt 0:00:11]} Kd6 {[%emt 0:00:47]} 85. Kc4 {[%emt 0:00:29]} Ra8 {[%emt 0:01:21]} 86. a5 {[%emt 0:00:11]} e4 {[%emt 0:00:03]} 87. fxe4 {[%emt 0:00:18]} Ke5 {[%emt 0:00:01]} 88. a6 {[%emt 0:01:15]} Kf4 {[%emt 0:00:29]} 89. a7 {[%emt 0:00:37]} Kxg4 {[%emt 0:00:04]} 90. Kd5 {[%emt 0:01:02]} Kf4 {[%emt 0:00:07]} 91. Ra4 {[%emt 0:00:08]} g4 {[%emt 0:00:47]} 92. e5+ {[%emt 0:00:06]} Kf5 {[%emt 0:00:11]} 93. Kc6 {[%emt 0:01:17]} g3 {[%emt 0:00:28]} 94. Kb7 {[%emt 0:00:21]} g2 {[%emt 0:03:24]} 95. Ra1 {[%emt 0:00:05]} 1-0

[Event "IND-ch Women 2019"]
[Site "Karaikkudi"]
[Date "2019.07.25"]
[Round "9.17"]
[White "Ramaswamy, Aarthie"]
[Black "Sunyasakta, Satpathy"]
[Result "1-0"]
[WhiteElo "2020"]
[BlackElo "1801"]
[Annotator "NA"]
[PlyCount "57"]
[EventDate "2019.07.19"]
[EventType "swiss"]
[EventCountry "IND"]
[SourceTitle "playchess.com"]
[Source "ChessBase"]
[SourceQuality "1"]
[TimeControl "40/5400+30:1800+30"]

1. e4 {[%emt 0:01:24]} e5 {[%emt 0:00:27]} 2. Nf3 {[%emt 0:00:04]} Nc6 {[%emt 0:00:05]} 3. Bb5 {[%emt 0:00:03]} a6 {[%emt 0:00:07]} 4. Ba4 {[%emt 0:00:03]} Nf6 {[%emt 0:00:07]} 5. O-O {[%emt 0:00:12]} Be7 {[%emt 0:00:40]} 6. d3 {[%emt 0:00:06]} b5 {[%emt 0:00:24]} 7. Bb3 {[%emt 0:00:02]} d6 {[%emt 0:00:19]} 8. c3 {[%emt 0:00:17]} O-O {[%emt 0:00:55]} 9. Re1 {[%emt 0:00:39]} Na5 {[%emt 0:00:33]} 10. Bc2 {[%emt 0:00:07]} c5 {[%emt 0:00:29]} 11. Nbd2 {[%emt 0:03:51]} Re8 {[%emt 0:02:10]} 12. Nf1 {[%emt 0:02:05]} h6 {[%emt 0:00:32]} 13. Ng3 {[%emt 0:02:05]} Bf8 {[%emt 0:00:50]} 14. h3 {[%emt 0:02:11]} Nc6 {[%emt 0:03:12]} 15. d4 {[%emt 0:02:22]} cxd4 {[%emt 0:03:41]} 16. cxd4 {[%emt 0:00:27]} exd4 {[%emt 0:01:25]} 17. Nxd4 {[%emt 0:00:35]} Nxd4 {[%emt 0:02:24]} 18. Qxd4 {[%emt 0:03:05]} Bb7 {[%emt 0:07:15]} 19. Bf4 {[%emt 0:17:31]} Rc8 {[%emt 0:03:39]} 20. Bb3 {[%emt 0:11:57]} d5 $14 {[%emt 0:15:34]} 21. exd5 {[%emt 0:10:15]} Rxe1+ {[%emt 0:11:24]} 22. Rxe1 {[%emt 0:00:02]} Bc5 {[%emt 0:04:28]} 23. Qd2 {[%emt 0:08:25]} Nxd5 {[%emt 0:07:02]} 24. Rd1 {[%emt 0:04:51]} Qf6 {[%emt 0:12:13]} 25. Nh5 {[%emt 0:11:26]} Qh4 {[%emt 0:01:11]} 26. Bxd5 {[%emt 0:01:13]} Bxd5 {[%emt 0:02:09]} 27. Qxd5 {[%emt 0:02:07]} Bxf2+ {[%emt 0:05:36]} 28. Kh2 {[%emt 0:02:41]} Bb6 {[%emt 0:12:25]} 29. Qe5 {[%emt 0:02:08]} 1-0

[Event "IND-ch Women 2019"]
[Site "Karaikkudi"]
[Date "2019.07.25"]
[Round "9.18"]
[White "Saranya, J."]
[Black "Sunyuktha C M N"]
[Result "1-0"]
[WhiteElo "2067"]
[BlackElo "1815"]
[Annotator "NA"]
[PlyCount "95"]
[EventDate "2019.07.19"]
[EventType "swiss"]
[EventCountry "IND"]
[SourceTitle "playchess.com"]
[Source "ChessBase"]
[SourceQuality "1"]
[TimeControl "40/5400+30:1800+30"]

1. e4 {[%emt 0:00:00]} c5 {[%emt 0:00:00]} 2. Nf3 {[%emt 0:00:00]} d6 {[%emt 0:00:00]} 3. d4 {[%emt 0:00:00]} cxd4 {[%emt 0:00:00]} 4. Nxd4 {[%emt 0:00:00]} Nf6 {[%emt 0:00:05]} 5. Nc3 {[%emt 0:00:00]} a6 {[%emt 0:00:05]} 6. a4 {[%emt 0:01:12]} e5 {[%emt 0:03:03]} 7. Nde2 {[%emt 0:05:34]} Nc6 {[%emt 0:02:15]} 8. g3 $15 {[%emt 0:12:42]} Bg4 {[%emt 0:34:28]} 9. Bg2 {[%emt 0:02:55]} Nd4 {[%emt 0:00:12]} 10. Qd3 {[%emt 0:07:07]} Nxe2 {[%emt 0:00:43]} 11. Nxe2 {[%emt 0:07:28]} Be7 {[%emt 0:04:06]} 12. O-O {[%emt 0:07:45]} O-O {[%emt 0:01:56]} 13. c4 {[%emt 0:03:53]} Rc8 {[%emt 0:13:39]} 14. Nc3 {[%emt 0:05:07]} Be6 {[%emt 0:04:19]} 15. b3 {[%emt 0:02:17]} Nd7 {[%emt 0:05:11]} 16. Be3 {[%emt 0:04:09]} Nc5 {[%emt 0:03:15]} 17. Qc2 {[%emt 0:03:28]} b6 {[%emt 0:19:27]} 18. f4 {[%emt 0:08:30]} f6 {[%emt 0:01:06]} 19. f5 {[%emt 0:02:02]} Bf7 {[%emt 0:00:06]} 20. g4 {[%emt 0:00:13]} Rc7 {[%emt 0:01:41]} 21. Rf3 {[%emt 0:04:55]} Qb8 {[%emt 0:00:45]} 22. Rg3 {[%emt 0:01:18]} b5 {[%emt 0:01:42]} 23. Nd5 {[%emt 0:06:25]} Bxd5 {[%emt 0:01:30]} 24. exd5 {[%emt 0:00:11]} Rfc8 {[%emt 0:00:26]} 25. Bf1 {[%emt 0:01:28]} bxa4 {[%emt 0:00:27]} 26. bxa4 {[%emt 0:00:10]} Rb7 {[%emt 0:00:03]} 27. Rg2 {[%emt 0:04:13]} Bd8 {[%emt 0:00:22]} 28. Ra2 {[%emt 0:03:06]} a5 {[%emt 0:01:43]} 29. h4 {[%emt 0:03:25]} Na6 {[%emt 0:00:53]} 30. Qe2 {[%emt 0:01:02]} Rb3 {[%emt 0:00:29]} 31. Bf2 {[%emt 0:00:04]} h6 {[%emt 0:00:48]} 32. Qe4 {[%emt 0:01:34]} Nc5 {[%emt 0:00:34]} 33. Qc2 {[%emt 0:00:52]} Na6 {[%emt 0:00:32]} 34. Qd1 {[%emt 0:00:42]} Rb1 {[%emt 0:00:16]} 35. Qc2 {[%emt 0:00:36]} Rb7 {[%emt 0:00:23]} 36. Qe2 {[%emt 0:00:08]} Rb1 {[%emt 0:00:50]} 37. Kh2 {[%emt 0:00:55]} Nc5 {[%emt 0:00:35]} 38. Ra3 {[%emt 0:00:59]} Qb4 {[%emt 0:00:20]} 39. Rh3 {[%emt 0:01:21]} Nxa4 {[%emt 0:00:31]} 40. g5 {[%emt 0:00:00]} fxg5 {[%emt 0:00:00]} 41. f6 {[%emt 0:04:27]} Bxf6 {[%emt 0:16:24]} 42. hxg5 {[%emt 0:04:56]} hxg5 {[%emt 0:09:35]} 43. Qg4 {[%emt 0:01:51]} Re8 {[%emt 0:05:08]} 44. Bd3 {[%emt 0:02:34]} e4 {[%emt 0:00:28]} 45. Bxe4 {[%emt 0:14:13]} Be5+ {[%emt 0:00:44]} 46. Bg3 {[%emt 0:01:14]} Rb2 {[%emt 0:00:38]} 47. Rh8+ {[%emt 0:00:56]} Kf7 {[%emt 0:00:01]} 48. Qh5+ {[%emt 0:06:03] Nc5} 1-0

[Event "IND-ch Women 2019"]
[Site "Karaikkudi"]
[Date "2019.07.25"]
[Round "9.19"]
[White "Jyothsna L"]
[Black "Abhirami Madabushi"]
[Result "1-0"]
[WhiteElo "1939"]
[BlackElo "1689"]
[Annotator "NA"]
[PlyCount "85"]
[EventDate "2019.07.19"]
[EventType "swiss"]
[EventCountry "IND"]
[SourceTitle "playchess.com"]
[Source "ChessBase"]
[SourceQuality "1"]
[TimeControl "40/5400+30:1800+30"]

1. d4 {[%emt 0:01:05]} Nf6 {[%emt 0:00:00]} 2. Nf3 {[%emt 0:00:02]} g6 {[%emt 0:00:00]} 3. Bf4 {[%emt 0:00:07]} Bg7 {[%emt 0:00:00]} 4. e3 {[%emt 0:00:07]} O-O {[%emt 0:00:06]} 5. Be2 {[%emt 0:00:02]} c5 {[%emt 0:00:18]} 6. c3 {[%emt 0:00:54]} cxd4 {[%emt 0:00:22]} 7. exd4 {[%emt 0:01:46]} d6 {[%emt 0:00:34]} 8. O-O {[%emt 0:01:23]} a6 {[%emt 0:02:05]} 9. a4 {[%emt 0:07:21]} b6 {[%emt 0:05:09]} 10. Nbd2 {[%emt 0:02:40]} Nc6 $11 {[%emt 0:02:15]} 11. h3 {[%emt 0:06:17]} Bb7 {[%emt 0:04:42]} 12. Re1 {[%emt 0:04:15]} Na7 {[%emt 0:08:20]} 13. Bd3 {[%emt 0:11:25]} b5 {[%emt 0:01:50]} 14. axb5 {[%emt 0:09:19]} axb5 {[%emt 0:00:22]} 15. Bg5 {[%emt 0:08:26]} Qd7 {[%emt 0:10:26]} 16. Qe2 {[%emt 0:04:37]} e6 {[%emt 0:05:36]} 17. Ra5 {[%emt 0:10:49]} Nd5 {[%emt 0:01:19]} 18. Rea1 {[%emt 0:02:22]} Bc6 {[%emt 0:03:55]} 19. Ne4 {[%emt 0:04:52]} h6 {[%emt 0:00:35]} 20. Bd2 {[%emt 0:01:39]} f5 {[%emt 0:06:08]} 21. Nxd6 {[%emt 0:03:44]} Kh7 {[%emt 0:01:34]} 22. Ne5 {[%emt 0:05:23]} Qxd6 {[%emt 0:00:28]} 23. Rxa7 {[%emt 0:00:14]} b4 {[%emt 0:01:17]} 24. Nxc6 {[%emt 0:06:50]} Qxc6 {[%emt 0:00:05]} 25. R1a6 {[%emt 0:01:13]} Nb6 {[%emt 0:01:27]} 26. Bb5 {[%emt 0:02:34]} Qd5 {[%emt 0:00:28]} 27. Rxg7+ {[%emt 0:01:49]} Kxg7 {[%emt 0:00:07]} 28. Rxb6 {[%emt 0:00:02]} bxc3 {[%emt 0:02:33]} 29. Bxc3 {[%emt 0:00:38]} f4 {[%emt 0:05:26]} 30. Qxe6 {[%emt 0:01:10]} Ra1+ {[%emt 0:00:39]} 31. Kh2 {[%emt 0:00:09]} Qxe6 {[%emt 0:00:05]} 32. Rxe6 {[%emt 0:00:07]} f3 {[%emt 0:01:18]} 33. gxf3 {[%emt 0:00:22]} Rxf3 {[%emt 0:00:03]} 34. Kg2 {[%emt 0:00:30]} Rf5 {[%emt 0:00:03]} 35. Re5 {[%emt 0:00:09]} Rxe5 {[%emt 0:00:09]} 36. dxe5 {[%emt 0:00:14]} Kf7 {[%emt 0:00:12]} 37. Bc4+ {[%emt 0:00:05]} Ke7 {[%emt 0:00:09]} 38. Bb4+ {[%emt 0:00:05]} Ke8 {[%emt 0:00:04]} 39. e6 {[%emt 0:00:23]} Ra7 {[%emt 0:00:33]} 40. Bb5+ {[%emt 0:00:00]} Kd8 {[%emt 0:00:00]} 41. e7+ {[%emt 0:00:10]} Rxe7 {[%emt 0:00:10]} 42. Bxe7+ {[%emt 0:00:04]} Kxe7 {[%emt 0:00:07]} 43. h4 {[%emt 0:00:04]} 1-0

[Event "IND-ch Women 2019"]
[Site "Karaikkudi"]
[Date "2019.07.25"]
[Round "9.20"]
[White "Dhyana Patel"]
[Black "Chinnam Vyshnavi"]
[Result "*"]
[WhiteElo "1900"]
[BlackElo "1664"]
[Annotator "NA"]
[PlyCount "31"]
[EventDate "2019.07.19"]
[EventType "swiss"]
[EventCountry "IND"]
[SourceTitle "playchess.com"]
[Source "ChessBase"]
[SourceQuality "1"]
[TimeControl "40/5400+30:1800+30"]

1. e4 {[%emt 0:00:00]} e6 {[%emt 0:00:00]} 2. d4 {[%emt 0:00:00]} d5 {[%emt 0:00:10]} 3. Nd2 {[%emt 1:31:30]} c5 {[%emt 1:31:20]} 4. exd5 {[%emt 0:00:07]} exd5 {[%emt 0:00:56]} 5. Bb5+ {[%emt 0:00:08]} Bd7 {[%emt 0:00:11]} 6. Qe2+ {[%emt 0:00:42]} Qe7 {[%emt 0:01:09]} 7. Bxd7+ {[%emt 0:00:28]} Nxd7 {[%emt 0:00:12]} 8. dxc5 {[%emt 0:00:05]} Qxe2+ {[%emt 0:04:08]} 9. Nxe2 {[%emt 0:01:27]} Bxc5 {[%emt 0:00:24]} 10. Nb3 {[%emt 0:01:06]} Bb6 {[%emt 0:00:38]} 11. O-O {[%emt 0:01:19]} Ngf6 {[%emt 0:00:29]} 12. Bf4 {[%emt 0:01:52]} Ne4 {[%emt 0:06:09]} 13. Rad1 {[%emt 0:02:13]} Ndf6 {[%emt 0:00:40]} 14. Ned4 {[%emt 0:01:18]} O-O $14 {[%emt 0:01:02]} 15. f3 {[%emt 0:02:01]} Nc5 {[%emt 0:00:53]} 16. Be3 {[%emt 0:01:37]} *

[Event "IND-ch Women 2019"]
[Site "Karaikkudi"]
[Date "2019.07.25"]
[Round "9.20"]
[White "Dhyana Patel"]
[Black "Chinnam Vyshnavi"]
[Result "1/2-1/2"]
[WhiteElo "1900"]
[BlackElo "1664"]
[Annotator "NA"]
[PlyCount "67"]
[EventDate "2019.07.19"]
[EventType "swiss"]
[EventCountry "IND"]
[SourceTitle "playchess.com"]
[Source "ChessBase"]
[SourceQuality "1"]
[TimeControl "40/5400+30:1800+30"]

1. e4 {[%emt 0:00:00]} e6 {[%emt 0:00:00]} 2. d4 {[%emt 0:00:00]} d5 {[%emt 0:00:10]} 3. Nd2 {[%emt 0:00:07]} c5 {[%emt 0:00:18]} 4. exd5 {[%emt 0:00:07]} exd5 {[%emt 0:00:56]} 5. Bb5+ {[%emt 0:00:08]} Bd7 {[%emt 0:00:11]} 6. Qe2+ {[%emt 0:00:42]} Qe7 {[%emt 0:01:09]} 7. Bxd7+ {[%emt 0:00:28]} Nxd7 {[%emt 0:00:12]} 8. dxc5 {[%emt 0:00:05]} Qxe2+ {[%emt 0:04:08]} 9. Nxe2 {[%emt 0:01:27]} Bxc5 {[%emt 0:00:24]} 10. Nb3 {[%emt 0:01:06]} Bb6 {[%emt 0:00:38]} 11. O-O {[%emt 0:01:19]} Ngf6 {[%emt 0:00:29]} 12. Bf4 {[%emt 0:01:52]} Ne4 {[%emt 0:06:09]} 13. Rad1 {[%emt 0:02:13]} Ndf6 {[%emt 0:00:40]} 14. Ned4 {[%emt 0:01:18]} O-O $14 {[%emt 0:01:02]} 15. f3 {[%emt 0:02:01]} Nc5 {[%emt 0:00:53]} 16. Nxc5 {[%emt 0:00:50]} Bxc5 {[%emt 0:00:30]} 17. Be3 {[%emt 0:00:30]} Rfe8 {[%emt 0:00:30]} 18. Bf2 {[%emt 0:00:30]} a6 {[%emt 0:00:30]} 19. Rfe1 {[%emt 0:00:30]} g6 {[%emt 0:00:30]} 20. c3 {[%emt 0:00:30]} Rad8 {[%emt 0:00:30]} 21. Kf1 {[%emt 0:00:30]} Bd6 {[%emt 0:00:30]} 22. g3 {[%emt 0:00:30]} Rxe1+ {[%emt 0:00:30]} 23. Rxe1 {[%emt 0:00:30]} Re8 {[%emt 0:00:30]} 24. Rxe8+ {[%emt 0:00:30]} Nxe8 {[%emt 0:00:30]} 25. Nc2 {[%emt 0:00:30]} Kf8 {[%emt 0:00:30]} 26. Ke2 {[%emt 0:00:30]} Ke7 {[%emt 0:00:30]} 27. Kd3 {[%emt 0:00:30]} Ke6 {[%emt 0:00:30]} 28. Nd4+ {[%emt 0:00:30]} Ke7 {[%emt 0:00:30]} 29. Nb3 {[%emt 0:00:30]} Kd7 {[%emt 0:00:30]} 30. Be3 {[%emt 0:00:30]} Ng7 {[%emt 0:00:30]} 31. Bf2 {[%emt 0:14:24]} Ne8 {[%emt 0:47:25]} 32. Be3 {[%emt 0:05:55]} Ng7 {[%emt 0:02:56]} 33. Nd4 {[%emt 0:00:28]} Ne6 {[%emt 0:01:02]} 34. Nb3 {[%emt 0:04:32]} 1/2-1/2

[Event "IND-ch Women 2019"]
[Site "Karaikkudi"]
[Date "2019.07.25"]
[Round "9.21"]
[White "Toshali, V."]
[Black "Mudaliar Nandini"]
[Result "1-0"]
[WhiteElo "1920"]
[BlackElo "1609"]
[Annotator "NA"]
[PlyCount "99"]
[EventDate "2019.07.19"]
[EventType "swiss"]
[EventCountry "IND"]
[SourceTitle "playchess.com"]
[Source "ChessBase"]
[SourceQuality "1"]
[TimeControl "40/5400+30:1800+30"]

1. d4 {[%emt 0:00:00]} d5 {[%emt 0:01:00]} 2. Nf3 {[%emt 0:00:00]} Nf6 {[%emt 0:00:12]} 3. Bf4 {[%emt 0:00:00]} e6 {[%emt 0:02:12]} 4. e3 {[%emt 0:00:00]} c6 {[%emt 0:02:12]} 5. Nbd2 {[%emt 0:00:42]} Nbd7 {[%emt 0:02:04]} 6. Bd3 {[%emt 0:02:04]} Be7 {[%emt 0:02:01]} 7. Ne5 {[%emt 0:00:45]} Qb6 {[%emt 0:04:58]} 8. Rb1 {[%emt 0:01:03]} c5 {[%emt 0:01:59]} 9. c3 {[%emt 0:00:16]} Nxe5 {[%emt 0:06:18]} 10. dxe5 {[%emt 0:03:26]} Nd7 {[%emt 0:00:41]} 11. O-O {[%emt 0:03:13]} Nf8 {[%emt 0:06:31]} 12. e4 {[%emt 0:06:07]} Ng6 {[%emt 0:01:18]} 13. Bg3 {[%emt 0:00:48]} Bd7 {[%emt 0:00:59]} 14. Re1 {[%emt 0:05:32]} Bc6 {[%emt 0:11:40]} 15. exd5 {[%emt 0:11:00]} Bxd5 {[%emt 0:00:22]} 16. Nc4 {[%emt 0:00:15]} Bxc4 {[%emt 0:00:18]} 17. Bxc4 {[%emt 0:00:02]} Qc6 {[%emt 0:02:21]} 18. Bd3 {[%emt 0:07:39]} Bh4 $16 {[%emt 0:16:26]} 19. Be4 {[%emt 0:07:07]} Qd7 {[%emt 0:04:12]} 20. Qxd7+ {[%emt 0:03:14]} Kxd7 {[%emt 0:00:09]} 21. Bxh4 {[%emt 0:00:24]} Nxh4 {[%emt 0:00:11]} 22. Bxb7 {[%emt 0:00:13]} Rab8 {[%emt 0:00:08]} 23. Ba6 {[%emt 0:01:53]} Rb6 {[%emt 0:01:11]} 24. Bc4 {[%emt 0:00:31]} Kc7 {[%emt 0:02:16]} 25. Kf1 {[%emt 0:13:03]} Ng6 {[%emt 0:00:16]} 26. Re4 {[%emt 0:04:58]} Rd8 {[%emt 0:01:20]} 27. Bb3 {[%emt 0:00:31]} Rbb8 {[%emt 0:02:26]} 28. Ke2 {[%emt 0:14:53]} Rd7 {[%emt 0:03:50]} 29. Rd1 {[%emt 0:03:16]} Rbd8 {[%emt 0:04:45]} 30. Rxd7+ {[%emt 0:01:13]} Rxd7 {[%emt 0:00:09]} 31. a4 {[%emt 0:00:45]} Kc6 {[%emt 0:01:07]} 32. Bc4 {[%emt 0:01:25]} Rb7 {[%emt 0:01:00]} 33. b3 {[%emt 0:00:36]} a5 {[%emt 0:00:33]} 34. Bb5+ {[%emt 0:03:43]} Kd5 {[%emt 0:01:33]} 35. Re3 {[%emt 0:00:22]} Nxe5 {[%emt 0:00:37]} 36. f4 {[%emt 0:00:12]} Ng6 {[%emt 0:00:59]} 37. Rd3+ {[%emt 0:00:22]} Ke4 {[%emt 0:00:32]} 38. Bc6+ {[%emt 0:00:07]} Kf5 {[%emt 0:00:28]} 39. Bxb7 {[%emt 0:00:29]} Nxf4+ {[%emt 0:00:10]} 40. Ke3 {[%emt 0:00:00]} Nxd3 {[%emt 0:00:00]} 41. Kxd3 {[%emt 0:03:11]} Ke5 {[%emt 0:00:27]} 42. Kc4 {[%emt 0:00:13]} Kd6 {[%emt 0:00:07]} 43. Kb5 {[%emt 0:00:11]} f5 {[%emt 0:00:11]} 44. Kxa5 {[%emt 0:00:29]} e5 {[%emt 0:00:10]} 45. Kb5 {[%emt 0:00:06]} e4 {[%emt 0:00:06]} 46. Kc4 {[%emt 0:00:08]} g5 {[%emt 0:00:09]} 47. g4 {[%emt 0:01:45]} fxg4 {[%emt 0:00:45]} 48. Bxe4 {[%emt 0:00:12]} h5 {[%emt 0:00:14]} 49. a5 {[%emt 0:00:08]} Kc7 {[%emt 0:00:17]} 50. Kxc5 {[%emt 0:00:11]} 1-0